| 000 | 01664cam a2200409 a 4500 | ||
|---|---|---|---|
| 005 | 20260322212014.0 | ||
| 008 | data | ||
| 010 | _a 96216241 | ||
| 020 | _a0679772677 (Vintage) | ||
| 020 | _a9780679772675 (Vintage) | ||
| 040 |
_aDLC _cDLC _dDLC |
||
| 043 | _an-us-ma | ||
| 050 | 0 | 0 |
_aKF228.A667 _bH37 1996 |
| 092 | _a346.73 H37 1996 | ||
| 100 | 1 | _aHarr, Jonathan. | |
| 245 | 1 | 2 |
_aA civil action / _cJonathan Harr. |
| 250 | _a1st Vintage books ed. | ||
| 260 |
_aNew York : _bVintage Books, _c1996. |
||
| 300 |
_a502 p. : _bmap ; _c21 cm. |
||
| 500 | _aOriginally published: New York : Random House, 1995. | ||
| 504 | _aIncludes bibliographical references (p. [495]-500). | ||
| 600 | 1 | 0 |
_aAnderson, Anne, _d1936?- _xTrials, litigation, etc. |
| 600 | 1 | 0 | _aSchlichtmann, Jan. |
| 610 | 2 | 0 |
_aW.R. Grace & Co. _xTrials, litigation, etc. |
| 650 | 0 |
_aTrials (Toxic torts) _zBoston. _zBoston. |
|
| 650 | 0 |
_aGroundwater _xLaw and legislation _xLaw and legislation _zWoburn. _zWoburn. |
|
| 650 | 0 |
_aDrinking water _xContamination _zWoburn. _zWoburn. |
|
| 650 | 0 |
_aLiability for water pollution damages _zWoburn. _zWoburn. |
|
| 856 | 4 | 2 |
_3Contributor biographical information _uhttp://www.loc.gov/catdir/bios/random051/96216241.html |
| 856 | 4 | 1 |
_3Sample text _uhttp://www.loc.gov/catdir/samples/random051/96216241.html |
| 856 | 4 | 2 |
_3Publisher description _uhttp://www.loc.gov/catdir/description/random0414/96216241.html |
| 906 |
_a7 _bcbc _corignew _d2 _encip _f19 _gy-gencatlg |
||
| 922 | _aad | ||
| 955 | _dreclass ll06 2006-10-31 | ||
| 991 |
_bc-LL _hKF228.A7 _iH37 1996 _p00034417416 _tCopy 1 _wBOOKS |
||
| 001 | data | ||
| 999 |
_c305 _d305 |
||